Top 20 Most Famous Countries in French - Statistics

General Stats
  • This quiz has been taken 81 times
  • The average score is 13 of 20
Answer Stats
% Pays (country) % Correct
96 France
95%
96 Canada
83%
95 Chine
79%
95 Italie
77%
94 Allemagne
74%
94 Espagne
74%
93 Japon
74%
94 Australie
73%
96 Etats-Unis
72%
95 Russie
71%
91 Argentine
63%
95 Mexique
63%
92 Portugal
58%
92 Royaume-Uni
58%
94 Brésil
56%
91 Inde
55%
90 Algérie
51%
91 Maroc
45%
90 Irlande
41%
90 Afrique du Sud
40%
No matching quizzes found
Score Distribution
Percent of People with Each Score
Percentile by Number Answered
Your Score History
You have not taken this quiz